00519nam a2200193 a 4500001001300000003000900013005001700022008004100039020001300080082001600093100002000109245004400129260004600173300000900219500003500228505001000263650003200273700002000305nice12345678IN_TiNIC20260116012149.0050524s1963 usaa grp 000 0 eng  ac213.7500a225.52bBEC aBeck, F William aNew Testament in the Language of Today. aUsabConcordia Pub House, St. Louisc1963 a459p aincludes index and biblioraphy2 aIndex aBible-Versions-Translations1 aBeck, F William